Introduction to dislocations / (Record no. 7124)

MARC details
000 -LEADER
fixed length control field 01055cam a2200301 a 4500
001 - CONTROL NUMBER
control field 12591819
003 - CONTROL NUMBER IDENTIFIER
control field OSt
005 - DATE AND TIME OF LATEST TRANSACTION
control field 20210903153047.0
008 - FIXED-LENGTH DATA ELEMENTS--GENERAL INFORMATION
fixed length control field 011116s2001 enka b 001 0 eng
010 ## - LIBRARY OF CONGRESS CONTROL NUMBER
LC control number 2001280073
020 ## - INTERNATIONAL STANDARD BOOK NUMBER
International Standard Book Number 0750646810
040 ## - CATALOGING SOURCE
Original cataloging agency DLC
Transcribing agency DDC
Modifying agency DLC
050 00 - LIBRARY OF CONGRESS CALL NUMBER
Classification number QD921
Item number .H84 2001
082 00 - DEWEY DECIMAL CLASSIFICATION NUMBER
Classification number 548HUL2001
100 1# - MAIN ENTRY--PERSONAL NAME
Personal name Hull, Derek.
9 (RLIN) 14672
245 10 - TITLE STATEMENT
Title Introduction to dislocations /
Statement of responsibility, etc. by Hull D. and Bacon D.J.
250 ## - EDITION STATEMENT
Edition statement 4th ed.
260 ## - PUBLICATION, DISTRIBUTION, ETC. (IMPRINT)
Place of publication, distribution, etc. Oxford [Oxfordshire] ;
-- Boston :
Name of publisher, distributor, etc. Butterworth-Heinemann,
Date of publication, distribution, etc. 2001.
300 ## - PHYSICAL DESCRIPTION
Extent vii, 242 p. :
Other physical details ill. ;
Dimensions 25 cm.
504 ## - BIBLIOGRAPHY, ETC. NOTE
Bibliography, etc Includes;bibliographical references and index.
650 #0 - SUBJECT ADDED ENTRY--TOPICAL TERM
Topical term or geographic name as entry element Chemistry
9 (RLIN) 797
700 1# - ADDED ENTRY--PERSONAL NAME
Personal name Bacon, D. J.
9 (RLIN) 3627
856 42 - ELECTRONIC LOCATION AND ACCESS
Materials specified Publisher description
Uniform Resource Identifier <a href="http://www.loc.gov/catdir/description/els031/2001280073.html">http://www.loc.gov/catdir/description/els031/2001280073.html</a>
856 41 - ELECTRONIC LOCATION AND ACCESS
Materials specified Table of contents
Uniform Resource Identifier <a href="http://www.loc.gov/catdir/toc/els031/2001280073.html">http://www.loc.gov/catdir/toc/els031/2001280073.html</a>
906 ## - LOCAL DATA ELEMENT F, LDF (RLIN)
a 7
b cbc
c origcop
d 3
e ncip
f 20
g y-gencatlg
942 ## - ADDED ENTRY ELEMENTS (KOHA)
Source of classification or shelving scheme Dewey Decimal Classification
Koha item type Open Shelf
Holdings
Withdrawn status Lost status Source of classification or shelving scheme Damaged status Not for loan Home library Current library Date acquired Source of acquisition Inventory number Total Checkouts Full call number Barcode Date last seen Price effective from Koha item type
    Dewey Decimal Classification     MUST Main Library MUST Main Library 03/09/2021 donation 12/35969   548HUL2001 2021-0845 03/09/2021 03/09/2021 Open Shelf